01125nam a22002537a 4500003000500000005001700005008004100022020003000063040002300093082001800116100002100134245007000155260005300225300005000278490003500328500009700363504002200460521001100482651002500493700012500518942008400643999001900727952012500746322820241010075300.0241010b sa ||||| |||| 00| 0 eng d a9780521 705776cPaperback aRDAbEnglishc3228 aST 500.2 KELD a Kelder, Karin H aPhysical Sciences:b10, Study GuidecKarin Kelder, Weedaad Nasiep aCape Town :bCambridge University Press, c2007. a xx, 299 pages bcolour illustrations:c30 cm aStudy & Masterx9780521 705776 a"NCS"--Cover Also available in Afrikaans under title: Natuur- en skeikunde. 10, Studiegids. aIncludes glossary aJunior aSouth Africa9116385 aWeedaad Nasiep, Penny Adnams, Graham Arbuckle, Michelle Delaney, Imar Krige, James Whitelaw and Michelle Delaney9189718 2ddccJOURNAL w12663xPriscilla Nozizwe Mogaley12663zPriscilla Nozizwe Mogale c768714d768713 00102ddc40708500aMKHULbMKHULcREFd2024-10-10l0oST 500.2 KELDp33228 022948663r2024-10-10w2024-10-10yJOURNAL